Factor market barriers are trade barriers. Gains from trade from 1992.

Model dokladajúci tézu, že pre niektoré druhy výrobkov prekážky kladené priamemu riadeniu miestnych (vnútroštátnych) podnikových jednotiek zo zahraničia sú fakticky prekážkami obchodu. Zníženie faktorových prekážok, ktoré zvyšujú náklady riadenia domáceho podniku zahraničnou firmou vyúsťuje do zvýše...

Full description

Saved in:
Bibliographic Details
Main Author: Baldwin, R.
Format: Book Chapter
Language:English
Subjects:
Tags: Add Tag
No Tags, Be the first to tag this record!

MARC

LEADER 00000naa a2200000 4500
001 r001872
005 20220909073745.8
041 0 |a eng 
044 |a NL 
245 1 0 |a Factor market barriers are trade barriers.  |b Gains from trade from 1992.  |c R. Baldwin 
520 |a Model dokladajúci tézu, že pre niektoré druhy výrobkov prekážky kladené priamemu riadeniu miestnych (vnútroštátnych) podnikových jednotiek zo zahraničia sú fakticky prekážkami obchodu. Zníženie faktorových prekážok, ktoré zvyšujú náklady riadenia domáceho podniku zahraničnou firmou vyúsťuje do zvýšeného prínosu obchodu. 
610 2 0 |a bariéry rastu hospodárskeho 
610 2 0 |a obchod 
610 2 0 |a trh 
610 2 0 |a riadenie podnikové 
610 2 0 |a modely rovnováhy 
610 2 0 |a modely obchodu zahraničného 
100 1 |a Baldwin, R.